Los negros / (Record no. 124458)

MARC details
000 -LEADER
campo de control de longitud fija 00932nam a2200265 i 4500
001 - NÚMERO DE CONTROL
campo de control 124458
003 - IDENTIFICADOR DE NÚMERO DE CONTROL
campo de control ES-MaACL
007 - CAMPO FIJO DE DESCRIPCIÓN FÍSICA--INFORMACIÓN GENERAL
campo de control de longitud fija t|
008 - DATOS DE LONGITUD FIJA--INFORMACIÓN GENERAL
campo de control de longitud fija 070327s1931 sp ||||1| spa d
080 ## - NÚMERO DE LA CLASIFICACIÓN DECIMAL UNIVERSAL
Número de la Clasificación Decimal Universal (=1:66/69-81)
100 1# - ENTRADA PRINCIPAL--NOMBRE DE PERSONA
Nombre de persona Delafosse, Maurice,
Fechas asociadas al nombre 1870-1926
Término indicativo de función/relación Autor
9 (RLIN) 43289
245 14 - MENCIÓN DEL TÍTULO
Título Los negros /
Mención de responsabilidad, etc. Maurice Delafosse ; traducción de Joaquín Gallardo
260 ## - PUBLICACIÓN, DISTRIBUCIÓN, ETC.
Lugar de publicación, distribución, etc. Barcelona :
Nombre del editor, distribuidor, etc. Labor,
Fecha de publicación, distribución, etc. 1931
300 ## - DESCRIPCIÓN FÍSICA
Extensión 97 páginas, LIX hojas de láminas :
Dimensiones 17 cm
490 1# - MENCIÓN DE SERIE
Mención de serie Biblioteca de iniciación cultural.
Nombre de parte o sección de la obra Geografía
Designación de volumen o secuencia 52
RLIN 192586
504 ## - NOTA DE BIBLIOGRAFÍA, ETC.
Nota de bibliografía, etc. Bibliografía
650 #4 - PUNTO DE ACCESO ADICIONAL DE MATERIA--TÉRMINO DE MATERIA
Término de materia o nombre geográfico como elemento de entrada Personas negras
9 (RLIN) 241497
650 #4 - PUNTO DE ACCESO ADICIONAL DE MATERIA--TÉRMINO DE MATERIA
Término de materia o nombre geográfico como elemento de entrada Pueblos indígenas-
Subdivisión geográfica África subsahariana
9 (RLIN) 241498
700 1# - ENTRADA AGREGADA--NOMBRE PERSONAL
Nombre de persona Gallardo, Joaquín
Término indicativo de función/relación Traductor
9 (RLIN) 53483
830 00 - PUNTO DE ACCESO ADICIONAL DE SERIE-TÍTULO UNIFORME
Título uniforme Biblioteca de iniciación cultural.
Nombre de parte o sección de la obra Geografía
Designación de volumen o secuencia 52
9 (RLIN) 192586
852 ## - LOCALIZACIÓN
Ubicación ES-MaACL
Ubicación en estantería Depósito 2
Número de control de estantería E-2597
942 ## - ELEMENTOS DE ENTRADA SECUNDARIOS (KOHA)
Fuente del sistema de clasificación o colocación Clasificación decimal universal
Tipo de ítem Koha Libro impreso
Suprimir en OPAC No
Holdings
Estatus retirado Estado de pérdida Estado de daño No para préstamo Biblioteca de origen Biblioteca actual Ubicación en estantería Fecha de adquisición Fuente de adquisición Total de préstamos Signatura topográfica completa Código de barras Visto por última vez Precio de reemplazo Tipo de ítem Koha
        Biblioteca del Ateneo de Madrid Biblioteca del Ateneo de Madrid Depósito 2 17/01/2008     E-2597 1129668 23/02/2023 23/02/2023 Libro impreso